Historia de Bolivia.

Đã lưu trong:
Chi tiết về thư mục
Tác giả chính: Arguedas, Alcides
Định dạng: Sách
Ngôn ngữ:Tiếng Tây Ban Nha
Được phát hành: La Paz, Bolivia Juventud 1991
Phiên bản:Segunda edición
Những chủ đề:
Các nhãn: Thêm thẻ
Không có thẻ, Là người đầu tiên thẻ bản ghi này!

MARC

LEADER 00000nam a2200000 a 4500
001 UCH3390
003 CL-VaPUC
005 20220903073951.0
008 090723e19910000BO |||||||||||||||||spa|d
999 |c 334959  |d 334957 
040 |c Pontificia Universidad Católica de Valparaíso 
082 0 4 |a 984 ARG 1991  |2 21 
100 0 |a Arguedas, Alcides  |9 446418 
245 1 0 |a Historia de Bolivia. 
250 |a Segunda edición 
260 0 3 |a La Paz, Bolivia  |b Juventud  |c 1991 
300 |a 5 tomos. 
505 |a t.1: la fundación de la República. t.2: los caudillos letrados. t.3: la plebe en acción. t.4: la dictadura y la anarquía. t.5: los caudillos bárbaros. 
583 |a last modification  |c 20090723 00:00:00  |k Rodrigo Vera 
650 7 |a HISTORIA DE BOLIVIA  |2 CL-VaPUC  |9 538713 
650 0 |a Conquista  |9 339504 
650 0 |a Independencia   |9 344246 
942 |c BK  |2 ddc 
945 |d 20090723 00:00:00  |a dcastane 
952 |0 0  |1 0  |4 0  |6 984_000000000000000_ARG_1991  |7 0  |8 X  |9 424397  |a FDOBUD  |b FDOBUD  |d 2019-11-22  |h t.1  |i 4578279  |o 984 ARG 1991  |p 4578279  |r 2019-11-22  |t 1  |w 2019-11-22  |y BK_X  |k BUD 
952 |0 0  |1 0  |4 0  |6 984_000000000000000_ARG_1991  |7 0  |8 X  |9 424398  |a FDOBUD  |b FDOBUD  |d 2019-11-22  |h t.2  |i 4578287  |o 984 ARG 1991  |p 4578287  |r 2019-11-22  |t 1  |w 2019-11-22  |y BK_X  |k BUD 
952 |0 0  |1 0  |4 0  |6 984_000000000000000_ARG_1991  |7 0  |8 X  |9 424399  |a FDOBUD  |b FDOBUD  |d 2019-11-22  |h t.3  |i 4578295  |o 984 ARG 1991  |p 4578295  |r 2019-11-22  |t 1  |w 2019-11-22  |y BK_X  |k BUD 
952 |0 0  |1 0  |4 0  |6 984_000000000000000_ARG_1991  |7 0  |8 X  |9 424400  |a FDOBUD  |b FDOBUD  |d 2019-11-22  |h t.4  |i 4578309  |o 984 ARG 1991  |p 4578309  |r 2019-11-22  |t 1  |w 2019-11-22  |y BK_X  |k BUD 
952 |0 0  |1 0  |4 0  |6 984_000000000000000_ARG_1991  |7 0  |8 X  |9 424401  |a FDOBUD  |b FDOBUD  |d 2019-11-22  |h t.5  |i 4578317  |o 984 ARG 1991  |p 4578317  |r 2019-11-22  |t 1  |w 2019-11-22  |y BK_X  |k BUD